Spotřebitelský průzkum jako zdroj krátkodobých ekonomických ukazatelů: všeobecné principy a charakteristiky

Preklad referátu predneseného na seminári štatistických odborníkov o spotrebiteľských prieskumoch v krajinách strednej a východnej Európy, usporiadanom OECD/Eurostat v Prahe, apríl 1994. Ochota kupovať, spotrebiteľský úmysel domácností predmetom spotrebiteľského prieskumu. Význam informácií získanýc...

ver descrição completa

Na minha lista:
Detalhes bibliográficos
Autor principal: Corsi, M.
Formato: Capítulo de Livro
Idioma:tcheco
Assuntos:
Tags: Adicionar Tag
Sem tags, seja o primeiro a adicionar uma tag!

MARC

LEADER 00000naa a2200000 4500
001 r016564
005 20221205102809.9
041 0 |a cze 
044 |a CZ 
245 1 0 |a Spotřebitelský průzkum jako zdroj krátkodobých ekonomických ukazatelů: všeobecné principy a charakteristiky  |c M. Corsi 
520 |a Preklad referátu predneseného na seminári štatistických odborníkov o spotrebiteľských prieskumoch v krajinách strednej a východnej Európy, usporiadanom OECD/Eurostat v Prahe, apríl 1994. Ochota kupovať, spotrebiteľský úmysel domácností predmetom spotrebiteľského prieskumu. Význam informácií získaných prieskumov pre vládnu politiku, spotrebiteľský úver, úverové ústavy, sporenie a firmy. Harmonizovaný dotazník v EÚ, sledované veličiny. Ukazovatele, ukazovateľ spotrebiteľskej dôvery. Spotrebiteľský úmysel. 
610 2 0 |a spotrebitelia 
610 2 0 |a prieskum spotrebiteľský 
610 2 0 |a semináre 
610 2 0 |a úver spotrebiteľský 
610 2 0 |a Praha 
610 2 0 |a 1994 
610 2 0 |a Eurostat 
610 2 0 |a metódy matematické 
610 2 0 |a ekonometria 
610 2 0 |a ukazovatele štatistické 
100 1 |a Corsi, M.